| 000 | 00975nam a22003017a 4500 | ||
|---|---|---|---|
| 003 | CHAP | ||
| 005 | 20220329133341.0 | ||
| 008 | 971013s1983 r 00010 d | ||
| 010 | _a5273 | ||
| 011 | _a6245 | ||
| 035 | _a5465 | ||
| 040 | _cCHAP | ||
| 082 |
_a634.90861 _bF4 1984-88 |
||
| 110 |
_aFederación Nacional de Cafeteros de Colombia. Programa de Desarrollo y Diversificación de Zonas Cafeteras _939932 |
||
| 245 | _aPlan de producción forestal, 1984-1988 | ||
| 260 |
_aBogotá : _bLa Federación, _c1983 |
||
| 300 | _a48 h. | ||
| 500 | _a56-229 | ||
| 590 |
_aBATCH-UPD _b10 _c20130110 _lUCH01 _h1747 |
||
| 590 |
_aCONVERSION _b10 _c20130109 _lUCH01 _h1304 |
||
| 650 | 1 | 4 |
_aBosques _xColombia. _914113 |
| 650 | 1 | 4 |
_aMadera _xMercadeo. _969612 |
| 650 | 1 | 4 |
_aProductos forestales _xColombia. _992073 |
| 650 | 1 | 4 |
_aProductos forestales _xMercadeo. _992092 |
| 901 | _aBK | ||
| 942 | _cLIBRO | ||
| 949 |
_a634.90861 F4 1984-88 _bBC _cLIBRO _d-15047 _eLIBRO _h80579 _i5465 _si |
||
| 999 |
_c5273 _d5273 |
||